| 000 | 01010nam a22002537a 4500 | ||
|---|---|---|---|
| 005 | 20170124103059.0 | ||
| 010 | _aA-723935 | ||
| 020 | _c65.00 | ||
| 035 | _aA-723935 | ||
| 037 | _bCen Lib/Ret | ||
| 040 |
_aDPL _bHN |
||
| 082 |
_aउ _bदुबेगो |
||
| 100 |
_aदुबे, गोविन्द _9104167 |
||
| 245 |
_aपुनियां / _cगोविन्द दुबे |
||
| 246 |
_aPuniyan / _bby Govind Dube |
||
| 260 |
_aदिल्ली _bआधुनिक प्रकाशन _c1995 |
||
| 270 |
_a48/6, गुरुद्वारा मोहल्ला, गली नं० 7, मौजपुर _bदिल्ली _e110053 |
||
| 300 |
_a152पृ. _c17सेमी (सजिल्द ) |
||
| 650 |
_aसाहित्य--उपन्यास _x _z _945844 |
||
| 650 |
_aहिंदी उपन्यास _v _9104168 |
||
| 650 |
_aLiterature--Novel _9104169 |
||
| 650 |
_aHindi Novel _9104170 |
||
| 942 |
_2ddc _cHN _hउ _mदुबेगो |
||
| 999 |
_c117660 _d117660 |
||